Catalog

Record Details

Catalog Search



Available copies

  • 1 of 1 copy available at LARL/NWRL Consortium.

Current holds

0 current holds with 1 total copy.

Show All Copies
Location Call Number / Copy Notes Barcode Shelving Location Status Due Date
Godel Memorial-Warren Library 635 DOL (Text) 35500003531579 Main Available -

Record details

  • ISBN: 0865734410
  • Physical Description: xv, 431 p. : ill. ; 29 cm.
  • Publisher: Minnetonka, MN : Creative Pub. International, 2000.
Subject: Vegetable gardening.
Vegetables.
LDR 00969cam a22002658a 4500
00129611
003LARL_NWRL_CONSORTIUM
00519991230142311.0
008991217s2000 mnu 001 0 eng
020 . ‡a0865734410
035 . ‡a(OCoLC)43118259
03500. ‡iLCMARC/AYJ-1579/KRLTECH
042 . ‡apcc
08200. ‡a635 ‡221
1001 . ‡aDolezal, Robert J. ‡0(LARL_NWRL_CONSORTIUM)108129
24510. ‡aVegetable gardening : ‡byour ultimate guide / ‡cby Rovert J. Dolezal.
260 . ‡aMinnetonka, MN : ‡bCreative Pub. International, ‡c2000.
300 . ‡axv, 431 p. : ‡bill. ; ‡c29 cm.
4900 . ‡aBlack & Decker outdoor home
650 0. ‡aVegetable gardening. ‡0(LARL_NWRL_CONSORTIUM)33826
650 0. ‡aVegetables. ‡0(LARL_NWRL_CONSORTIUM)33829
901 . ‡a29611 ‡bOCLC ‡c29611 ‡tbiblio

Additional Resources